00194pam a2200097 a 4500020000500000041000500005100002200010245003000032260002600062300000800088 c h aGurshan S. Singh  aIndias Rural coperatives  bRegency publications. a675